1120 1589 1928 1603 1290 1057 1034 1275 1392 1945 1279 1136 1817 1764 1862 1386 1184 1908 1819 1953 1356 1890 1586 1051 1043 1148 1968 1990 1464 1438 1940 1308 1800 1236 1727 1728 1198 1474 1782 1763 1522 1148 1196 1274 1891 1987 1537 1954 1511 1956 1378 1321 1301 1362 1320 1909 1035 1332 1195 1893 1319 1915 1173 1192 1058 1923 1832 1014 1038 1216 1501 1200 1182 1768 1139 1462 1539 1314 1246 1398 1655 1742 1564 1620 1132 1961 1961 1169 1694 1520 1598 1290 1359 1851 1111 1911 1570 1253 1408 BCNSPRNW ULIB Ver.6.0+V

เปลี่ยนเป็นภาษาไทย

Change to English
 แสดงรายละเอียดบรรณานุกรม
  กลับหน้าหลัก

Brief Record : Get Marc (ISO 2709) : E-mail record : QR code < ปิดหน้าต่าง
LEADER : 00000nam 2200000uu 4500
001    13399112486
003     ULIB
008    110818s2551||||th 000 0 tha d
020    9789741110193
050  4 HQ56^bส723ช 2551
100 0  สิทธิพันธุ์ บุญญาภิสมภาร
245 00 ชีวิต ตัวตน และเรื่องเพศ ของสาวประเภทสอง /^cสิทธิพันธุ์ บุญญาภิสมภาร, รณภูมิ สามัคคีคารมย์ และพิมพวัลย์ บุญมงคล
250    พิมพ์ครั้งที่ 1
260    กรุงเทพฯ :^bมูลนิธิสร้างความเข้าใจเรื่องสุขภาพผู้หญิง(สคส.), ^c2551
300    77 หน้า :^bภาพประกอบ ;^c21 ซม.
650  4 ความผิดปกติทางเพศ
650  4 กะเทย
650  4 บทบาทตามเพศ
650  4 เพศศึกษา
700 0  รณภูมิ สามัคคีคารมย์
700 0  พิมพวัลย์ บุญมงคล
710 2  มหาวิทยาลัยมหิดล. สถาบันวิจัยประชากรและสังคม
710 2  มูลนิธิสร้างความเข้าใจเรื่องสุขภาพผู้หญิง (สคส.)
945    ^p140^l0^i024343
995    ทศพร
999 ^a ทศพร
รายการนี้ยังไม่มีแท็ก
คุณยังไม่ได้ล็อกอิน คุณสามารถมีกิจกรรมร่วมกับเว็บไซต์ได้ แต่ต้องล็อกอินก่อน ::
  ล็อกอิน

รายการสื่อสารสนเทศ

ลำดับที่ ประเภท เลขเรียก/บาร์โค้ด สถานที่ สถานะ
- ไม่พบข้อมูล -

รายการใกล้เคียง
    หัวเรื่อง [ความผิดปกติทางเพศ]
    หัวเรื่อง [กะเทย]
    หัวเรื่อง [เพศศึกษา]

BibComment


ยังไม่เคยถูกคอมเมนท์

คอมเมนท์ทรัพยากรรายการนี้
  คอมเมนท์: ชีวิต ตัวตน และเร..


 Copyright 2026. Bcnsprnw @Library